<?xml version="1.0" encoding="UTF-8"?>
<collection xmlns="http://www.loc.gov/MARC21/slim">
 <record>
  <leader>01154nam a22002415a 4500</leader>
  <controlfield tag="001">EEA.libagro011460</controlfield>
  <controlfield tag="008">221214s2022####ag############000#0#spa#d</controlfield>
  <controlfield tag="005">20230217130259.0</controlfield>
  <datafield tag="245" ind1="1" ind2="0">
   <subfield code="a">Monitoreo y toma de decisión en la recolección de grano en trigo candeal (Triticum durum) como medio de intensificación de la práctica profesional del ingeniero agrónomo /</subfield>
   <subfield code="c">Matías García Hollender.</subfield>
  </datafield>
  <datafield tag="260" ind1=" " ind2=" ">
   <subfield code="a">Bahía Blanca,</subfield>
   <subfield code="c">2022.</subfield>
  </datafield>
  <datafield tag="300" ind1=" " ind2=" ">
   <subfield code="a">36 h. :</subfield>
   <subfield code="b">il. col. ;</subfield>
   <subfield code="c">30 cm.</subfield>
  </datafield>
  <datafield tag="500" ind1=" " ind2=" ">
   <subfield code="a">Trabajo de intensificación (Ingeniero Agrónomo) -- Universidad Nacional del Sur. Departamento de Agronomía, 2022.</subfield>
  </datafield>
  <datafield tag="530" ind1=" " ind2=" ">
   <subfield code="a">Disponible también en línea</subfield>
  </datafield>
  <datafield tag="100" ind1="1" ind2=" ">
   <subfield code="a">García Hollender, Matías.</subfield>
  </datafield>
  <datafield tag="700" ind1="1" ind2=" ">
   <subfield code="a">Bondia, Pedro Manuel,</subfield>
   <subfield code="e">tutor.</subfield>
  </datafield>
  <datafield tag="710" ind1="2" ind2=" ">
   <subfield code="a">Universidad Nacional del Sur.</subfield>
   <subfield code="b">Departamento de Agronomía.</subfield>
  </datafield>
  <datafield tag="082" ind1="0" ind2="4">
   <subfield code="a">378.82</subfield>
  </datafield>
  <datafield tag="653" ind1=" " ind2=" ">
   <subfield code="a">Coronel Dorrego (Argentina: partido)</subfield>
  </datafield>
  <datafield tag="653" ind1=" " ind2=" ">
   <subfield code="a">Coronel Pringles (Argentina: partido)</subfield>
  </datafield>
  <datafield tag="650" ind1=" " ind2="7">
   <subfield code="a">Cosecha</subfield>
   <subfield code="2">agrovoc</subfield>
  </datafield>
  <datafield tag="653" ind1=" " ind2=" ">
   <subfield code="a">Calidad de la trilla</subfield>
  </datafield>
  <datafield tag="856" ind1=" " ind2=" ">
   <subfield code="y">ACCESO A TEXTO COMPLETO</subfield>
   <subfield code="u">https://repositoriodigital.uns.edu.ar/handle/123456789/6289</subfield>
  </datafield>
  <datafield tag="859" ind1=" " ind2=" ">
   <subfield code="a">AR-BbBCA</subfield>
   <subfield code="b">BIB. AGRONOMIA</subfield>
   <subfield code="h">378.82</subfield>
   <subfield code="i">G216-1</subfield>
   <subfield code="p">2022/7254</subfield>
  </datafield>
 </record>
</collection>
